00568nam a2200169Ia 4500003000900000008004100009020001800050040001600068080001600084100001800100245015400118260002000272300000900292490005800301650002000359650001900379IN-BaIIA211028s9999 xx 000 0 eng d a84-00-05380-X cIIA Library a081:52bCAR aCardus, J. O. 0aContribuciones cientificas para conmemorar el 75 aniversario del observatorio del ebrocJ. O. Cardus  aTarragonac1983 a547p aPublications del observatorio del ebro memoria; no.14 aCollected works aNASA thesaurus